| 000 | 02862am aa2200517i 44500 | ||
|---|---|---|---|
| 003 | PE-LiUPU | ||
| 005 | 20251023151113.0 | ||
| 008 | 1504s2015 co#a rb 001 0 spa d | ||
| 020 | _a9789587623765 | ||
| 035 | _aPE-LiUPU000044 | ||
| 040 |
_aPE-LiUPU _bspa _cPE-LiUPU _erda |
||
| 082 | 0 | 4 |
_a720.47 _bA681a _223 |
| 100 | 1 |
_aAresta Rebelo, Marco A., _eautor. _97366 |
|
| 245 | 1 | 0 |
_aArquitectura biológica : _bla vivienda como organismo vivo / _cpor Marco A. Aresta Rebelo. |
| 250 | _aPrimera edición. | ||
| 264 | 1 |
_aBogotá : _bEdiciones de la U, _cabril de 2015. |
|
| 264 | 4 |
_aBuenos Aires : _bEditorial Nobuko, _c©2015. |
|
| 300 |
_a222 páginas : _bilustraciones, diagramas ; _c21 cm. |
||
| 336 |
_atexto _btxt _2rdacontent |
||
| 337 |
_asin mediación _bn _2rdamedia |
||
| 338 |
_avolumen _bnc _2rdacarrier |
||
| 490 | 1 | _aColección Arquitectura | |
| 500 | _aPrólogos de Adriana Miceli, Vera W. de Spinadel, Rodolfo Rotondaro y Lisandro Cura. | ||
| 500 | _aCoordinación editorial: Adriana Gutiérrez M. ; carátula: Ediciones de la U. | ||
| 500 | _aImpreso en Xpress Estudio Gráfico y Digital S.A., Bogotá, Colombia. | ||
| 500 | _aEdición autorizada para Colombia de la edición original publicada por Editorial Nobuko S.A., Argentina. | ||
| 504 | _aIncluye bibliografía (p. 217). | ||
| 505 | 0 | _aPrólogo -- Introducción -- Entorno -- Forma -- Materia -- Ser humano -- Conclusión -- Bibliografía. | |
| 520 | _aAnálisis teórico y práctico sobre los principios de la arquitectura biológica y sustentable. El autor propone entender la vivienda como un organismo vivo, integrado al entorno natural y social. Incluye temas de bioclimática, eco-tecnologías, geometría sensible, construcción con tierra y diseño participativo, orientados hacia un equilibrio entre el ser humano y el ambiente. | ||
| 546 | _aTexto en español. | ||
| 650 | 1 | 4 |
_aArquitectura sustentable. _945 |
| 650 | 2 | 4 |
_aDiseño bioclimático. _97367 |
| 650 | 2 | 4 |
_aArquitectura ecológica _xDiseño y planificación. _97278 |
| 650 | 2 | 4 |
_aViviendas sostenibles _xDiseño y construcción. _97368 |
| 650 | 2 | 4 |
_aTecnología ambiental, _xAplicaciones en arquitectura. _97369 |
| 700 |
_aMiceli, Adriana, _eautora del prólogo. _97370 |
||
| 700 |
_aSpinadel, Vera W. de, _eautora del prólogo. _97371 |
||
| 700 |
_aRotondaro, Rodolfo, _eautor del prólogo. _97372 |
||
| 700 |
_aCura, Lisandro, _eautor del prólogo. _97373 |
||
| 710 |
_aXpress Estudio Gráfico y Digital S.A., _eimpresor. _97374 |
||
| 830 | 0 | _aColección Arquitectura (Ediciones de la U) | |
| 856 | 4 | 0 |
_uhttps://www.edicionesdelau.com _zSitio web de Ediciones de la U. |
| 942 |
_2ddc _cBK |
||
| 980 |
_621515 _aROMINA COBOS Adquisiciones _818226 _gJaime Vilcazán Jefe de Análisis Documental |
||
| 999 |
_c63124 _d63123 |
||